000 00545nam a2200145 a 4500
001 000034291
005 20200930073624.0
008 110930s1948 dr r 000 0 spa d
040 _aDO-SdBNP
_bspa
_cBNPHU
082 _axxxx
_bT763
245 0 0 _aTradiciones líricas de Quisqueya y Borinquen unidas por el romanticismo del pasado :
_bcanciones antigua /
_crecopilación de José A. Saldaña Suazo.
260 _aCiudad Trujillo, República Dominicana :
_b[s. n.],
_c1948.
300 _a[30 p.] ;
_c22 cm.
700 1 _aSaldaña Suazo, José A.
_926628
999 _c33782
_d33782